Statistiques concernant Combien de 1 et de 2 taperez-vous en 1 minute?

Cliquez ici pour prendre le quiz!

Statistiques générales

  • Ce quiz a été pris 679 fois
  • Le résultat moyen est 11 sur 50

Statistiques - réponses

HintRéponse% Correct
niveau 112
99%
niveau 2112
73%
niveau 31112
70%
niveau 411112
66%
niveau 5111112
61%
niveau 61111112
57%
niveau 711111112
55%
niveau 8111111112
53%
niveau 91111111112
52%
niveau 1011111111112
45%
niveau 121111111111112
44%
niveau 11111111111112
44%
niveau 1311111111111112
42%
niveau 14111111111111112
37%
niveau 151111111111111112
36%
niveau 1611111111111111112
33%
niveau 17111111111111111112
25%
niveau 181111111111111111112
23%
niveau 1911111111111111111112
20%
niveau 20111111111111111111112
17%
niveau 211111111111111111111112
16%
niveau 2211111111111111111111112
15%
niveau 23111111111111111111111112
12%
niveau 241111111111111111111111112
11%
niveau 2811111111111111111111111111112
10%
niveau 301111111111111111111111111111112
9%
niveau 26111111111111111111111111112
9%
niveau 2511111111111111111111111112
9%
niveau 32111111111111111111111111111111112
8%
niveau 3111111111111111111111111111111112
8%
niveau 29111111111111111111111111111112
7%
niveau 271111111111111111111111111112
7%
niveau 3711111111111111111111111111111111111112
6%
niveau 331111111111111111111111111111111112
6%
niveau 4011111111111111111111111111111111111111112
5%
niveau 35111111111111111111111111111111111112
5%
niveau 50111111111111111111111111111111111111111111111111112
4%
niveau 391111111111111111111111111111111111111112
4%
niveau 361111111111111111111111111111111111112
4%
niveau 4911111111111111111111111111111111111111111111111112
3%
niveau 451111111111111111111111111111111111111111111112
3%
niveau 421111111111111111111111111111111111111111112
3%
niveau 41111111111111111111111111111111111111111112
3%
niveau 38111111111111111111111111111111111111112
3%
niveau 3411111111111111111111111111111111112
3%
niveau 481111111111111111111111111111111111111111111111112
2%
niveau 47111111111111111111111111111111111111111111111112
2%
niveau 44111111111111111111111111111111111111111111112
2%
niveau 4311111111111111111111111111111111111111111112
2%
niveau 4611111111111111111111111111111111111111111111112
1%

Distribution des résultats

Percentile par nombre de réponses

% des personnes avec chaque résultat

Votre développement - résultats

Vous n’avez pas pris ce quiz